Метод идентификации физико-механических характеристик композитных материалов (Запись № 11640968)

Подробности
000 -МАРКЕР
контрольное поле 02598nam0a2200313 4500
001 - ИДЕНТИФИКАТОР ЗАПИСИ
контрольное поле RU\NLR\BIBL_A\012048962
005 - ИДЕНТИФИКАТОР ВЕРСИИ
контрольное поле 20190806142613.0
010 ## - МЕЖДУНАРОДНЫЙ СТАНДАРТНЫЙ НОМЕР КНИГИ (ISBN)
Номер (ISBN) 978-5-91326-505-0
Тираж 200
021 ## - НОМЕР ГОСУДАРСТВЕННОЙ РЕГИСТРАЦИИ
Код страны Российская Федерация
Номер КН-П-19-040042
Номер Листа государственной регистраци КН-П-19-2936
035 ## - ДРУГИЕ СИСТЕМНЫЕ НОМЕРА
Идентификатор записи (NLR Aleph) 012048962
035 ## - ДРУГИЕ СИСТЕМНЫЕ НОМЕРА
Идентификатор записи (RuMoRGB)009997091
100 ## - ДАННЫЕ ОБЩЕЙ ОБРАБОТКИ
Данные общей обработки 20190628d2019 u y0rusy50 ca
101 0# - ЯЗЫК РЕСУРСА
Язык текста, звукозаписи и т.д. русский
102 ## - СТРАНА ПУБЛИКАЦИИ ИЛИ ПРОИЗВОДСТВА
Страна публикации Российская Федерация
105 ## - ПОЛЕ КОДИРОВАННЫХ ДАННЫХ: ТЕКСТОВЫЕ МАТЕРИАЛЫ, МОНОГРАФИЧЕСКИЕ
Кодированные данные о монографическом текстовом документе |||j|||000zy
200 1# - ЗАГЛАВИЕ И СВЕДЕНИЯ ОБ ОТВЕТСТВЕННОСТИ
Основное заглавие Метод идентификации физико-механических характеристик композитных материалов
Сведения, относящиеся к заглавию учебное пособие
-- для студентов ННГУ, обучающихся по направлениям подготовки 01.04.03 "Механика и математическое моделирование", 01.04.02 "Прикладная математика и информатика", и аспирантов ННГУ, обучающихся по направлению подготовки 01.06.01 "Математика и механика", направленность 01.02.04 "Механика деформируемого твердого тела", 01.02.06 "Динамика, прочность машин, приборов и аппаратуры"
Первые сведения об ответственности Н.А. Абросимов
Последующие сведения об ответственности Министерство науки и высшего образования Российской Федерации, Национальный исследовательский Нижегородский государственный университет им. Н.И. Лобачевского
210 ## - ПУБЛИКАЦИЯ, РАСПРОСТРАНЕНИЕ И ДР.
Место издания, распространения и т.д. Нижний Новгород
Имя издателя, распространителя и т. д. Изд-во Нижегородского госуниверситета
Дата издания, распространения и т.д. 2019
215 ## - ФИЗИЧЕСКАЯ ХАРАКТЕРИСТИКА
Специфическое обозначение материала и объем 60 с.
Другие сведения о физической характеристике ил., табл.
Размеры 21
320 ## - ПРИМЕЧАНИЯ О НАЛИЧИИ В ДОКУМЕНТЕ БИБЛИОГРАФИИ / УКАЗАТЕЛЯ
Текст примечания Библиогр.: с. 59-60 (25 назв.)
606 1# - НАИМЕНОВАНИЕ ТЕМЫ КАК ПРЕДМЕТ
Наименование темы Композиционные материалы
Формальный подзаголовок Учебные издания для высших учебных заведений
Тематический подзаголовок Физико-механические свойства
Системный номер авторитетной/нормативной записи 2163636
Идентификатор авторитетной/нормативной записи RU\NLR\AUTH\661301950
606 1# - НАИМЕНОВАНИЕ ТЕМЫ КАК ПРЕДМЕТ
Наименование темы Композиционные материалы
Формальный подзаголовок Учебные издания для высших учебных заведений
Тематический подзаголовок Структура
-- Математическое моделирование
Системный номер авторитетной/нормативной записи 2472614
Идентификатор авторитетной/нормативной записи RU\NLR\AUTH\661468398
686 1# - ИНДЕКСЫ ДРУГИХ КЛАССИФИКАЦИЙ
Индекс Ж366.062я73-1
700 #1 - ИМЯ ЛИЦА - ПЕРВИЧНАЯ ОТВЕТСТВЕННОСТЬ
Начальный элемент ввода Абросимов
Часть имени, кроме начального элемента ввода Н. А.
Расширение инициалов личного имени Николай Анатольевич
942 ## - ДОПОЛНИТЕЛЬНЫЕ ЭЛЕМЕНТЫ ЗАПИСИ (АБИС)
Тип экземпляра АБИС Книга
980 ## - КОЛЛЕКЦИЯ
Название коллекции НБР
980 ## - КОЛЛЕКЦИЯ
Название коллекции Национальная библиография

Нет доступных экземпляров.